Marketing : (Record no. 856)

MARC details
000 -LEADER
fixed length control field 00806nam a22002412 4500
001 - CONTROL NUMBER
control field 0000011643
005 - DATE AND TIME OF LATEST TRANSACTION
control field 20151021151122.0
008 - FIXED-LENGTH DATA ELEMENTS--GENERAL INFORMATION
fixed length control field 081214s xx 000 0 eng d
020 ## - INTERNATIONAL STANDARD BOOK NUMBER
International Standard Book Number 0749441143 :
040 ## - CATALOGING SOURCE
Original cataloging agency KABU
Transcribing agency KABU
100 1# - MAIN ENTRY--PERSONAL NAME
Personal name Groucutt, Jonathan.
-- 0000167594
245 10 - TITLE STATEMENT
Title Marketing :
Remainder of title essential principles, new realities /
Statement of responsibility, etc. Jonathan Groucutt, Peter Leadley, Patrick Forsyth.
250 ## - EDITION STATEMENT
Edition statement 1st ed.
260 ## - PUBLICATION, DISTRIBUTION, ETC. (IMPRINT)
Place of publication, distribution, etc. London :
Name of publisher, distributor, etc. Kogan Page,
Date of publication, distribution, etc. 2004.
300 ## - PHYSICAL DESCRIPTION
Extent xviii, 540 p.
650 #0 - SUBJECT ADDED ENTRY--TOPICAL TERM
Topical term or geographic name as entry element Marketing.
-- 0000151351
700 1# - ADDED ENTRY--PERSONAL NAME
Personal name Leadley, Peter.
-- 0000167595
700 1# - ADDED ENTRY--PERSONAL NAME
Personal name Forsyth, Patrick.
-- 0000167596
852 1# - LOCATION
-- p3000 KES
852 1# - LOCATION
-- p3000 KES
908 ## - PUT COMMAND PARAMETER (RLIN)
Put command parameter 081214
950 ## - LOCAL HOLDINGS (RLIN)
-- 1
Holdings
Withdrawn status Lost status Source of classification or shelving scheme Not for loan Home library Current library Date acquired Total Checkouts Full call number Barcode Date last seen Date last checked out Price effective from Koha item type Total Renewals
    Library of Congress Classification   Kabarak, Main Campus Kabarak, Main Campus 17/12/2015 1 HF5415 .G76 c. 2 15720 18/05/2017 15/07/2016 17/12/2015 General Collection  
    Library of Congress Classification   Kabarak, Main Campus Kabarak, Main Campus 17/12/2015 6 HF5415 .G76 c. 1 15719 05/07/2022 12/10/2018 17/12/2015 General Collection 1
    Library of Congress Classification   Kabarak, Nakuru City Campus Kabarak, Nakuru City Campus 21/10/2015 1 HF5415 .G76 c. 1 16083 07/12/2021 06/12/2021 21/10/2015 General Collection  
    Library of Congress Classification   Kabarak, Nakuru City Campus Kabarak, Nakuru City Campus 21/10/2015 2 HF5415 .G76 c. 2 16082 12/10/2016 10/10/2016 21/10/2015 General Collection  
Designed with assistance from East African Informatics Ltd